Minefill 2020-2021 : Proceedings of the 13th International Symposium on Mining with Backfill, 25-28 May 2021, Katowice, Poland.

Bibliographic Details
Main Author: Hassani, Ferri.
Other Authors: Palarski, Jan., Sokoła-Szewioła, Violetta., Strozik, Grzegorz.
Format: eBook
Language:English
Published: Milton : Taylor & Francis Group, 2021.
Edition:1st ed.
Subjects:
Online Access:Click to View
LEADER 01599nam a22003973i 4500
001 EBC7244911
003 MiAaPQ
005 20231204023228.0
006 m o d |
007 cr cnu||||||||
008 231204s2021 xx o ||||0 eng d
020 |a 9781000454222  |q (electronic bk.) 
020 |z 9781032072036 
035 |a (MiAaPQ)EBC7244911 
035 |a (Au-PeEL)EBL7244911 
035 |a (OCoLC)1258402597 
040 |a MiAaPQ  |b eng  |e rda  |e pn  |c MiAaPQ  |d MiAaPQ 
082 0 |a 622 
100 1 |a Hassani, Ferri. 
245 1 0 |a Minefill 2020-2021 :  |b Proceedings of the 13th International Symposium on Mining with Backfill, 25-28 May 2021, Katowice, Poland. 
250 |a 1st ed. 
264 1 |a Milton :  |b Taylor & Francis Group,  |c 2021. 
264 4 |c ©2021. 
300 |a 1 online resource (450 pages) 
336 |a text  |b txt  |2 rdacontent 
337 |a computer  |b c  |2 rdamedia 
338 |a online resource  |b cr  |2 rdacarrier 
588 |a Description based on publisher supplied metadata and other sources. 
590 |a Electronic reproduction. Ann Arbor, Michigan : ProQuest Ebook Central, 2023. Available via World Wide Web. Access may be limited to ProQuest Ebook Central affiliated libraries.  
655 4 |a Electronic books. 
700 1 |a Palarski, Jan. 
700 1 |a Sokoła-Szewioła, Violetta. 
700 1 |a Strozik, Grzegorz. 
776 0 8 |i Print version:  |a Hassani, Ferri  |t Minefill 2020-2021  |d Milton : Taylor & Francis Group,c2021  |z 9781032072036 
797 2 |a ProQuest (Firm) 
856 4 0 |u https://ebookcentral.proquest.com/lib/matrademy/detail.action?docID=7244911  |z Click to View